00795 2200301 4500001002100000005001500021007000300036008004100039020001800080035002000098040001700118041000800135082000800143084001400151090002000165100003000185245003900215250002000254264003300274300003400307336002100341337003000362338002300392650001400415850001000429990002700439990002700466INLIS00000000000799020260529095115ta260529 0  a979-3465-74-3 a0010-0922000479 aSBPUPADbind07aind a650 a650 SAD p a650 SAD p L21-30 aSadono SukirnoePengarang1 aPengantar Bisnis /cSadono Sukirno a.-Ed.1.,- Cet.2 a,--Jakarta :bKencana,c2006 axiv, 450 hlm :bilus ;c23 cm 2rdacontentateks 2rdamediaatanpa perantara 2rdacarrieravolume 4aManajemen aPUPAD a6583/BR/ARPUS-PDG/2008 a6585/BR/ARPUS-PDG/2008